000 01182nam a22002657a 4500
999 _c1314
_d1314
003 AR-CdUCM
008 190226b ||||| |||| 00| 0 spa d
040 _aMUNICIPALIDAD PROVINCIAL DEL CUSCO
_cBIBLIOTECA MUNICIPAL DEL CUSCO
041 _hrus
082 _a335.4 /
_bS75
100 _aSpiridonova, Nina Sergeeona.
_94457
110 _aAtlas y otros.
_94460
245 _aCurso superior de economía política I :
_bSociedades Presocialistas /
260 _aMéxico, D.F :
_bGrijalfo,
_c1965.
300 _aXIII, 444 páginas ;
_bCuadros.
_c22.5 cm.
505 _aTomo I, contenido: Objeto de la economía política --Los modos precapitalistas de producción -- El modo primitivos de producción -- El modo de producción esclavista -- El modo de producción feudal -- El modo de producción capitalista -- El capitalismo y la plusvalía. La ley económica fundamental del capitalismo ...
650 _aSociedades presocialistas - Historia
_95055
650 _asocialismo
_94183
650 _aEsclavitud
_9802
650 _aCapitalismo
_93221
650 _aCapital
_95056
700 _aVargas, Luis A. (Traductor)
_9292
942 _2ddc
_cLIBROS
945 _alccs
_d2019-02-26